=LDR 00000nam 2200000 4500 =001 INLIS000000000001655 =005 20130612090045 =008 ***********************************Ind** =035 ##$$0010-061300000001655 =041 ##$$a Ind =082 ##$$a 372.8 =090 ##$$a 372.8, Ahm-p =100 ##$$a AHMADI, Abu =245 ##$$a Pendidikan Pancasila dan Kewarganegaraan =260 ##$$a 1999 $b Solo =300 ##$$a ...jil, ilus, 28 cm =650 ##$$a Pancasila (Pendidikan Dasar / SD) =850 ##$$a NBPNMAT =990 ##$$a 0001/BPAP-NTB/20142014 =990 ##$$a 0324/BPAP-NTB/2015 =990 ##$$a 0001/BPAP-NTB/2015 =990 ##$$a 0001/BPAP-NTB/2015 =990 ##$$a 0001/BPAP-NTB/2015 =990 ##$$a 0001/BPAP-NTB/2016